000 01958nam0a22003011 4500
001 v19\rc\1221119
005 20250618021958.0
035 _a(NLR Aleph) 004448307
090 _a4460622
_c4460622
100 _a20060306e18751875|||y0rusy50 ca
101 0 _arus
102 _aRU
105 _ay z |||||
200 1 _aРазбор сочинения, представленного в Киевское общество естествоиспытателей для соискания премии "Спорырья (Secale cornutum, s. Clavieeps purpurea Tul.); строение, история развития и влияние спорыньи на организм при хроническом отравлении ею кур. Диссертация на степень доктора медицины Владимира Тихомирова. Москва. 1873 г."
210 _aКиев
_cУнив. тип.
_d1875
215 _a4 с.
300 _aВ конце текста авт.: члены комиссии П. Сущинский, Н. Спешнев
309 _aБез тит. л. и обл.
311 _aОтт. из: "Записки Киевск. о-ва естествоиспытателей. 4(1), 1"
488 0 _12001#$aЗаписки Киевского общества естествоиспытателей$v4(1), 1
_tЗаписки Киевского общества естествоиспытателей
604 _150010$aСпорырья (Secale cornutum, s. Clavieeps purpurea Tul.)
_1700#1$aТихомиров$bВ.$gВладимир
_tСпорырья (Secale cornutum, s. Clavieeps purpurea Tul.)
_aТихомиров, Владимир
700 1 _aСущинский
_bП.П.
_f1842-1907
_gПетр Петрович
701 1 _aСпешнев
_bН.Н.
_gНиколай Николаевич
801 0 _aRU
_bNLR
_gpsbo
801 1 _aRU
_bProSoft-M
_2rusmarc
852 _aNLR
_j18.124.7.169
942 _cDISS
980 _aNB